লোডিং...

Adaptive management of renewable resources

গ্রন্থ-পঞ্জীর বিবরন
প্রধান লেখক: Walters, Carl
বিন্যাস: Printed Book
প্রকাশিত: MacMillan Publishing Co. Inc., New York 1986
বিষয়গুলি:
LEADER 00544nam a2200193 4500
020
082 |a 639.2 WAL-A 
100 |a Walters, Carl 
245 |a Adaptive management of renewable resources 
250
260 |a MacMillan Publishing Co. Inc., New York  |c 1986 
300 |a 374 
490
500
590 |a adithyadev  |b 2011-04-04 12:52:31 
650 |a Fisheries-- Fishing 
942 |c BK 
999 |c 96579  |d 96579 
952 |0 0  |1 0  |4 0  |6 639_200000000000000_WALA  |7 0  |9 110047  |a AQU  |b AQU  |l 0  |o 639.2 WAL-A  |p AQU02972  |r 2019-09-25  |w 2019-09-25  |y BK